000 00425 a2200145 4500
020 _a 0571105483
040 _aDLC
_bEnglish
082 _a821
100 _aEliot, T. S.
245 _aCollected poems, 1909-1962
_cT. S. Eliot,
260 _aLondon :
_bFaber,
_c1974.
300 _a238 p. ;
_c20 cm.
650 _a1.Eliot, T. S. (Thomas Stearns), 1888-1965.2. Poets,American--20th Century--Biography.
942 _cBK
_k821 ELI
_2ddc
999 _c5254
_d5254